Het dal van Lausa en Duron, (Record no. 5565)

MARC details
000 -LEADER
fixed length control field 00677cam a22002291 4500
001 - CONTROL NUMBER
control field af 48003395
003 - CONTROL NUMBER IDENTIFIER
control field DLC
005 - DATE AND TIME OF LATEST TRANSACTION
control field 20260227110902.0
008 - FIXED-LENGTH DATA ELEMENTS--GENERAL INFORMATION
fixed length control field 890404s1943 be 000 1 dut c
010 ## - LIBRARY OF CONGRESS CONTROL NUMBER
LC control number af 48003395
035 ## - SYSTEM CONTROL NUMBER
System control number (OCoLC)19495075
040 ## - CATALOGING SOURCE
Original cataloging agency California. Univ. Libr.
Transcribing agency CU
Modifying agency CU
-- DLC
041 1# - LANGUAGE CODE
Language code of text/sound track or separate title dut
Language code of original ger
042 ## - AUTHENTICATION CODE
Authentication code premarc
050 00 - LIBRARY OF CONGRESS CALL NUMBER
Classification number PZ13
Item number .T8
100 1# - MAIN ENTRY--PERSONAL NAME
Personal name Tumler, Franz,
Dates associated with a name 1912-
245 14 - TITLE STATEMENT
Title Het dal van Lausa en Duron,
Remainder of title novelle.
Statement of responsibility, etc. [Uit het Duitsch vertaald door Bob Fleischeuer]
260 ## - PUBLICATION, DISTRIBUTION, ETC.
Place of publication, distribution, etc. Brussel,
Name of publisher, distributor, etc. Meddens
Date of publication, distribution, etc. [1943]
300 ## - PHYSICAL DESCRIPTION
Extent 94 p.
Dimensions 19 cm.
500 ## - GENERAL NOTE
General note Translation of Das Tal von Lausa und Duron.
700 1# - ADDED ENTRY--PERSONAL NAME
Personal name Fleischeuer, Bob,
Relator term tr.

No items available.

Powered by Koha